SSC Napoli - Statistics

Statistiche generali
  • Questo quiz è stato fatto 1.130 volte
  • Il punteggio medio è 8 su 11
Statistiche sulle risposte
Domanda Risposta % Corretto
Qual è il nome di Osimhen? Victor
98%
Quando è stata fondata la associazione calcio Napoli? 1926
92%
Il Napoli ha mai vinto la Champions league? No
87%
Quanti giocatori italiani ha il Napoli nella rosa titolare? 2
80%
Qual era il numero della maglietta di Milik? 99
79%
Nel 2012, il Napoli, che competizione vinse? Coppa Italia
78%
Per quanti milioni Higuain ha abbandonato il Napoli? 90
70%
Da quale squadra, il Napoli, ha acquistato Jorginho? Hellas Verona
52%
Di che Nazionalità è Lobotka? Slovacco
51%
Chi era il presidente del Napoli nel 2006? De Laurentis
47%
Qual è la nazionalità di Anguissà? Camerunense
44%
Nessun quiz corrispondente trovato
Distribuzione punteggi
Percentuale di utenti per punteggio
Percentile per numero di risposta
I tuoi punteggi nel tempo
Non hai fatto questo quiz